تصميم و تحليل التجارب / (رقم التسجيلة. 11262)

تفاصيل مارك
000 -LEADER
fixed length control field 00693nam a22002057a 4500
005 - DATE AND TIME OF LATEST TRANSACTION
control field 20251108164649.0
008 - FIXED-LENGTH DATA ELEMENTS--GENERAL INFORMATION
fixed length control field 250721s9999 xx 000 0 ara d
082 14 - DEWEY DECIMAL CLASSIFICATION NUMBER
Classification number 519/محم
100 1# - MAIN ENTRY--PERSONAL NAME
Personal name النعيمي، محمد عبد العال
245 10 - TITLE STATEMENT
Title تصميم و تحليل التجارب /
264 1# - PRODUCTION, PUBLICATION, DISTRIBUTION, MANUFACTURE, AND COPYRIGHT NOTICE
Place of production, publication, distribution, manufacture بغداد :
Name of producer, publisher, distributor, manufacturer وزارة التعليم العالي و البحث العلمي،
Date of production, publication, distribution, manufacture, or copyright notice [19-].
300 ## - PHYSICAL DESCRIPTION
Extent 216ص
650 17 - SUBJECT ADDED ENTRY--TOPICAL TERM
Topical term or geographic name as entry element نظرية الإحتمالات
650 17 - SUBJECT ADDED ENTRY--TOPICAL TERM
Topical term or geographic name as entry element الإحصاء الرياضي
650 17 - SUBJECT ADDED ENTRY--TOPICAL TERM
Topical term or geographic name as entry element الأبحاث
700 1# - ADDED ENTRY--PERSONAL NAME
Personal name العاني، ماجده عبد الله
700 1# - ADDED ENTRY--PERSONAL NAME
Personal name الحديثي، إبتسام تقي
942 ## - ADDED ENTRY ELEMENTS (KOHA)
Source of classification or shelving scheme Dewey Decimal Classification
Koha item type كتب
المقتنيات
حالة السحب حالة الفقدان مصدر التصنيف حالة التلف غير قابل للإعارة المكتبة الرئيسية المكتبة الحالية موقع الرف تاريخ التزويد الرقم المتسلسل Total Checkouts رقم الإستدعاء الباركود تاريخ آخر ظهور تاريخ الفاتورة نوع المادة (كوها)
    Dewey Decimal Classification     المكتبة المركزية المكتبة المركزية الإعارة 06/07/2004 223452   519/محم 223452 28/07/2025 06/07/2004 كتب
Implemented & Customized by: BBB with SCIT (Smart Chains for Information Technology)

Powered by Koha